01634nkc a2200277za 450000100060000000300040000600500170001000700070002700800410003404000240007524500830009924600440018226000350022630000970026150002270035850002810058550000890086654400770095560000300103261000510106265100180111365500350113171000280116685200120119485601500120684589OSt20260423161909.0kh boc250410s1909 sp ||||| ||||||0| i|spa d cM-RABAaM-RABAbspa04aLos crucificados en el Collado de Gavaáh[Material gráfico]c/ Juan Enrich aLos crucificados en el Collado de Gabaa b[Hauser y Menet]c, [ca. 1909] a1 fotografíab: gelatina de plata c; imagen 19 x 11,2 cmc; soporte secundario 30 x 24 cm aFotografía del relieve "Los crucificados en el Collado de Gabaa" de Juan Enrich, presentado por el artista en 1782. Se conserva en el Museo de la Real Academia de Bellas Artes de San Fernando con nº de inventario E-290  aMontada sobre un soporte secundario de cartón, con texto manuscrito a lápiz en la parte inferior al recto: "Los crucificados en el Collado de Gavaá-Juan Enrich. Para la recepción de académico de mérito 1782". Nota manuscrita al verso a lápiz rojo: "Juan Enrich". aFecha probable de la realización de la fotografía realizada por Hauser y Menet.  aArchivo de la Real Academia de Bellas Artes de San Fernando (Le-4-29-1) 10aEnrich, Juand(1743-1795)24aReal Academia de Bellas Artes de San Fernando. 7aMadrid2embne 7aFotografías de obras de arte2 aHauser y Menet (Madrid) jFot-613 3Fot-613uhttps://archivoybiblioteca.realacademiabellasartessanfernando.com/cgi-bin/koha/opac-retrieve-file.pl?id=066b2dd021a3aa21c75c3cce609d4299